[Event "Open Tournament For Novices #3"]
[Site "SchemingMind.com"]
[Date "2007.02.10"]
[Round "-"]
[White "Hexsaw"]
[Black "iain"]
[Result "0-1"]
[WhiteCountry "ENG"]
[BlackCountry "USA"]
[WhiteElo "1228"]
[WhiteRD "84"]
[BlackElo "1379"]
[BlackRD "63"]
[GameID "91581"]

1. d4 Nf6 2. Nf3 d6 3. e3 g6 4. Nc3 Bg7 5. e4 O-O 6. d5 c6 7. Qe2 cxd5 8. exd5 Nbd7 9. Bg5 b6 10. Nb5 Nxd5
11. c4 N5f6 12. h4 Bb7 13. Qd2 Nc5 14. b4 Nfe4 15. Qe3 Nxg5 16. hxg5 e5 17. bxc5 Bxf3 18. Qxf3 dxc5 19. Rd1 Qxg5 20. Rd7 Qc1+
21. Ke2 Qxc4+ 22. Kd1 Qxa2 23. Bc4 Qxc4 24. Nc7 Rad8 25. Qd5 Qg4+ 26. f3 Qxd7 27. Ne6 Qxd5+
0-1

[Event "Open Tournament For Novices #3"]
[Site "SchemingMind.com"]
[Date "2007.02.10"]
[Round "-"]
[White "iain"]
[Black "Hexsaw"]
[Result "1-0"]
[WhiteCountry "USA"]
[BlackCountry "ENG"]
[WhiteElo "1379"]
[WhiteRD "63"]
[BlackElo "1228"]
[BlackRD "84"]
[GameID "91582"]

1. e4 e5 2. Nf3 Nc6 3. Bb5 a6 4. Ba4 Nf6 5. d3 b5 6. Bb3 d6 7. O-O Be7 8. Ng5 O-O 9. Nxf7 Qd7 10. Nxe5+ Kh8
11. Nxd7 Bxd7 12. c3 Na5 13. Bc2 c5 14. b4 cxb4 15. cxb4 Nc6 16. Bb2 a5 17. bxa5 Rxa5 18. Na3 Bg4 19. f3 Bh5 20. g4 Bg6
21. f4 d5 22. e5 Ne8 23. Bb3 b4 24. Nc2 Nc7 25. f5 Be8 26. f6 gxf6 27. exf6 Rxf6 28. Bxf6+ Kg8 29. Bxe7 Nxe7 30. Nd4 Ng6
31. Nf5 Bd7 32. Nd6 Na6 33. Qf3 Nh4 34. Qf8#
1-0

[Event "Open Tournament For Novices #3"]
[Site "SchemingMind.com"]
[Date "2007.02.11"]
[Round "-"]
[White "Bacon"]
[Black "iain"]
[Result "0-1"]
[WhiteCountry "BER"]
[BlackCountry "USA"]
[WhiteElo "1121"]
[WhiteRD "106"]
[BlackElo "1379"]
[BlackRD "63"]
[GameID "91594"]

1. e4 c5 2. c3 Nc6 3. d4 cxd4 4. cxd4 e6 5. Nf3 Nge7 6. Nc3 g6 7. Bc4 Bg7 8. e5 O-O 9. O-O d6 10. Bg5 dxe5
11. dxe5 Qxd1 12. Raxd1 Nf5 13. a4 Nxe5 14. b3 Nxc4 15. Rd3 Nb2 16. Re3 Nxe3 17. Bxe3 Bxc3 18. Rc1 Bg7 19. b4 Nd3 20. Rc4 Nb2
21. Rc5 Nxa4 22. Ra5 Nb2 23. Bxa7 Nc4 24. b5 Nxa5 25. b6 Nc6 26. h3 Nxa7 27. g4 Nb5 28. Ng5 h6 29. Ne4 Bd7 30. Nc5 Bc6
31. Nd3 Ra1+ 32. Kh2 f5 33. Kg3 Rg1+ 34. Kf4 g5+ 35. Ke3 Bd4+ 36. Ke2 fxg4 37. hxg4 Rxg4 38. Kf1 Nc3 39. Ke1 Rg1+ 40. Kd2 Ne4+
41. Ke2 Nxf2 42. Nc5 Bxc5 43. Kd2 Rd1+ 44. Ke2 Bb5#
0-1

[Event "Open Tournament For Novices #3"]
[Site "SchemingMind.com"]
[Date "2007.02.10"]
[Round "-"]
[White "Bacon"]
[Black "Hexsaw"]
[Result "0-1"]
[WhiteCountry "BER"]
[BlackCountry "ENG"]
[WhiteElo "1199"]
[WhiteRD "124"]
[BlackElo "1231"]
[BlackRD "93"]
[GameID "91595"]

1. e4 Nf6 2. e5 Ne4 3. Qf3 d5 4. d3 Nc5 5. Nh3 e6 6. d4 Ne4 7. Bd3 Nc6 8. Bxe4 Nxd4 9. Qd3 c5 10. Bf3 Be7
11. c3 Nxf3+ 12. Qxf3 O-O 13. O-O c4 14. Bf4 Rb8 15. Qe3 Bd7 16. Qxa7 Qc8 17. Bg5 h6 18. Bf4 Bc5 19. b4 Bxa7 20. a4 f6
21. exf6 Rxf6 22. Bxb8 Qxb8 23. a5 e5 24. Nd2 e4 25. Rab1 Rg6 26. g3 Bxh3 27. Rfe1 Qf8 28. b5 Qxf2+ 29. Kh1 Bg2#
0-1

[Event "Open Tournament For Novices #3"]
[Site "SchemingMind.com"]
[Date "2007.02.11"]
[Round "-"]
[White "iain"]
[Black "Bacon"]
[Result "1-0"]
[WhiteCountry "USA"]
[BlackCountry "BER"]
[WhiteElo "1379"]
[WhiteRD "63"]
[BlackElo "1121"]
[BlackRD "106"]
[GameID "91596"]

1. e4 d5 2. e5 Nc6 3. d4 Bf5 4. Nf3 Nh6 5. Be2 e6 6. O-O Bb4 7. a3 Ba5 8. b4 Bb6 9. Bb2 O-O 10. c4 dxc4
11. Bxc4 Qd7 12. Bb5 Qe7 13. h3 a6 14. Bd3 Qd7 15. g4 Bxd3 16. Qxd3 a5 17. b5 Na7 18. a4 g6 19. Nbd2 c5 20. Nb3 Rad8
21. Qe4 c4 22. Nc5 Bxc5 23. dxc5 f5 24. exf6 Nf7 25. Qxc4 Qd5 26. Qc3 Qd3 27. Qxd3 Rxd3 28. Kg2 h5 29. gxh5 gxh5 30. Ne5 Rd5
31. Rad1 Nxe5 32. Rxd5 exd5 33. Bxe5 Re8 34. f4 Kf7 35. Rd1 Ke6 36. Kf3 h4 37. Kg4 Rh8 38. Bd4 Rh6 39. f5+ Kf7 40. Be5 Rxf6
41. Bxf6 Kxf6 42. Rxd5 Ke7 43. Kxh4 Kf6 44. Kh5 Kg7 45. Rd7+ Kf6 46. Kg4 Nc8 47. Rxb7 Ne7 48. Ra7 Nxf5 49. Rxa5 Ne3+ 50. Kf4 Nd5+
51. Kf3 Kf5 52. h4 Nf6 53. c6 Ne8 54. Ra8 Nc7 55. Rf8+ Ke5 56. h5 Kd5 57. h6 Ne6 58. Rf5+ Kc4 59. h7 Nd4+ 60. Ke4 Nxf5
61. Kxf5 Kb4 62. b6
1-0

[Event "Open Tournament For Novices #3"]
[Site "SchemingMind.com"]
[Date "2007.02.10"]
[Round "-"]
[White "Hexsaw"]
[Black "Bacon"]
[Result "1-0"]
[WhiteCountry "ENG"]
[BlackCountry "BER"]
[WhiteElo "1231"]
[WhiteRD "93"]
[BlackElo "1199"]
[BlackRD "124"]
[GameID "91597"]

1. d4 d5 2. Nf3 Nf6 3. e3 Nc6 4. Nc3 Bf5 5. b3 Nb4 6. Bd3 Bg4 7. O-O e6 8. a3 Nxd3 9. Qxd3 Bxf3 10. gxf3 Bd6
11. e4 c6 12. e5 Nh5 13. exd6 Qxd6 14. Re1 O-O 15. a4 a5 16. Ba3 Nf4 17. Bxd6 Nxd3 18. cxd3 Rfd8 19. Bc5 Ra6 20. b4 axb4
21. Bxb4 b6 22. a5 bxa5 23. Rxa5 Rb6 24. Be7 Rd7 25. Ra8+ Rd8 26. Rxd8#
1-0

[Event "Open Tournament For Novices #3"]
[Site "SchemingMind.com"]
[Date "2007.02.11"]
[Round "-"]
[White "Tahur"]
[Black "iain"]
[Result "0-1"]
[WhiteCountry "ARG"]
[BlackCountry "USA"]
[WhiteElo "1465"]
[WhiteRD "60"]
[BlackElo "1380"]
[BlackRD "62"]
[GameID "91659"]

1. e4 c5 2. Bc4 e6 3. Nf3 Nc6 4. d3 a6 5. Nc3 g6 6. a3 Bg7 7. Bd2 Nge7 8. h3 O-O 9. O-O Ne5 10. Nxe5 Bxe5
11. b4 b5 12. Bb3 cxb4 13. axb4 Bb7 14. Rb1 d5 15. exd5 exd5 16. Re1 Bd4 17. Qg4 Bg7 18. Ne2 d4 19. f3 Kh8 20. Rbd1 Nc6
21. c3 a5 22. bxa5 Nxa5 23. Bc2 Nc6 24. cxd4 Nxd4 25. Nxd4 Bxd4+ 26. Be3 Bc3 27. Bd2 Bxd2 28. Rxd2 Re8 29. Rxe8+ Qxe8 30. Qd4+ Kg8
31. Qf2 Ra1+ 32. Rd1 Rxd1+ 33. Bxd1 b4 34. Qb6 Qe7 35. d4 Bd5 36. Ba4 Qe1+ 37. Kh2 Kg7 38. Qb5 Bxf3 39. gxf3 Qf2+ 40. Kh1 Qxf3+
41. Kh2 Qf2+ 42. Kh1 Qxd4 43. Bb3 Qa1+ 44. Kh2 Qb2+ 45. Kh1 Qxb3 46. Qe5+ Kh6 47. Qf4+ g5 48. Qf6+ Kh5 49. Qg7 Qxh3+ 50. Kg1 Qe3+
51. Kf1 Qd3+ 52. Ke1 Qc3+ 53. Ke2 Qxg7
0-1

[Event "Open Tournament For Novices #3"]
[Site "SchemingMind.com"]
[Date "2007.02.11"]
[Round "-"]
[White "Tahur"]
[Black "Hexsaw"]
[Result "1-0"]
[WhiteCountry "ARG"]
[BlackCountry "ENG"]
[WhiteElo "1391"]
[WhiteRD "64"]
[BlackElo "1228"]
[BlackRD "84"]
[GameID "91660"]

1. e4 e5 2. Bc4 Nf6 3. Qf3 d6 4. h3 Nc6 5. g4 Nd4 6. Qd3 Be6 7. Bxe6 Nxe6 8. Nc3 Be7 9. Nf3 Nf4 10. Qf1 c6
11. d3 d5 12. exd5 cxd5 13. Nxe5 Ne6 14. Bg5 Nd4 15. O-O-O Qa5 16. a3 h6 17. Be3 Bd6 18. Bxd4 O-O 19. Nf3 Rfe8 20. Bxf6 gxf6
21. Re1 Rac8 22. Rxe8+ Rxe8 23. d4 b5 24. Nxb5 Bb8 25. b4 Bf4+ 26. Kb2 Rc8 27. bxa5
1-0

[Event "Open Tournament For Novices #3"]
[Site "SchemingMind.com"]
[Date "2007.02.11"]
[Round "-"]
[White "Tahur"]
[Black "Bacon"]
[Result "1-0"]
[WhiteCountry "ARG"]
[BlackCountry "BER"]
[WhiteElo "1391"]
[WhiteRD "64"]
[BlackElo "1121"]
[BlackRD "106"]
[GameID "91661"]

1. e4 e5 2. Nf3 Nf6 3. Nxe5 Nxe4 4. Qe2 d5 5. d3 Nd6 6. Nc6+ Qe7 7. Nxe7 Bxe7 8. Nc3 Be6 9. h3 O-O 10. a3 Nc6
11. Bf4 b6 12. Qf3 Nd4 13. Qd1 Bf6 14. Be2 c5 15. Bxd6 Rfd8 16. Bf4 a6 17. Bc7 Rdc8 18. Bxb6 Rc6 19. Na4 c4 20. dxc4 dxc4
21. Bxd4 Rd8 22. c3 Bd5 23. O-O h6 24. Bxf6 gxf6 25. Bf3 Rcd6 26. Bxd5 Rxd5 27. Qg4+ Kf8 28. Qxc4 Kg7 29. Qxa6 R8d6 30. Qe2 Rd2
31. Qg4+ Kh7 32. Rad1 f5 33. Qxf5+ Kg7 34. Rxd2 Rxd2 35. c4 Rd4 36. Qe5+ f6 37. Qxd4 Kg6 38. c5 f5 39. c6 Kg5 40. c7 h5
41. c8=Q f4 42. Qcc5+ Kh4 43. Qxf4#
1-0

[Event "Open Tournament For Novices #3"]
[Site "SchemingMind.com"]
[Date "2007.02.13"]
[Round "-"]
[White "iain"]
[Black "Tahur"]
[Result "1-0"]
[WhiteCountry "USA"]
[BlackCountry "ARG"]
[WhiteElo "1379"]
[WhiteRD "63"]
[BlackElo "1391"]
[BlackRD "64"]
[GameID "91662"]

1. d4 d5 2. c4 dxc4 3. Nc3 Nc6 4. d5 Nb4 5. e4 e6 6. Bxc4 exd5 7. exd5 c6 8. Nf3 Nf6 9. O-O cxd5 10. Bb3 Bg4
11. h3 Bxf3 12. Qxf3 h6 13. a3 Nc6 14. Nxd5 Nxd5 15. Rd1 Nce7 16. Qe2 g5 17. Ba4+ Qd7 18. Bxd7+ Kxd7 19. Qb5+ Ke6 20. Qxb7 Bg7
21. Rb1 Rhb8 22. Qa6+ Rb6 23. Re1+ Be5 24. Qc4 f6 25. f4 gxf4 26. Bxf4 Rc6 27. Qa2 Kf5 28. Bxe5 fxe5 29. Rf1+ Kg6 30. b4 Nc3
31. Qf7+ Kg5 32. Qxe7+ Kg6 33. Qf7+ Kg5 34. Rf5+ Kh4 35. Qh5+ Kg3 36. Qg4#
1-0

[Event "Open Tournament For Novices #3"]
[Site "SchemingMind.com"]
[Date "2007.02.13"]
[Round "-"]
[White "Hexsaw"]
[Black "Tahur"]
[Result "1-0"]
[WhiteCountry "ENG"]
[BlackCountry "ARG"]
[WhiteElo "1228"]
[WhiteRD "84"]
[BlackElo "1391"]
[BlackRD "64"]
[GameID "91663"]

1. d4 d5 2. Nc3 Nf6 3. e3 Bf5 4. Bd3 Bxd3 5. Qxd3 e6 6. Nf3 Nc6 7. O-O Bb4 8. a3 Bxc3 9. Qxc3 h6 10. Re1 a6
11. Ne5 Nxe5 12. dxe5 Ne4 13. Qd4 c6 14. f4 O-O 15. b3 c5 16. Qd3 f6 17. Bb2 f5 18. c4 dxc4 19. Qxc4 b6 20. Rad1 Qe7
21. b4 cxb4 22. axb4 b5 23. Qc6 Rfc8 24. Qb6 Kf7 25. Rc1 Rxc1 26. Rxc1 Kg6 27. h3 h5 28. Qc6 Kf7 29. Qxa8 Qxb4 30. Rc7+ Kg6
31. Qe8+ Kh7 32. Qxh5+ Kg8 33. Qf7+ Kh7 34. Qxg7#
1-0

[Event "Open Tournament For Novices #3"]
[Site "SchemingMind.com"]
[Date "2007.02.13"]
[Round "-"]
[White "Bacon"]
[Black "Tahur"]
[Result "0-1"]
[WhiteCountry "BER"]
[BlackCountry "ARG"]
[WhiteElo "1121"]
[WhiteRD "106"]
[BlackElo "1391"]
[BlackRD "64"]
[GameID "91664"]

1. e4 e5 2. d4 exd4 3. Qxd4 Nc6 4. Qc4 d6 5. Nf3 Be6 6. Qb5 Rb8 7. Bg5 f6 8. Be3 a6 9. Qh5+ Bf7 10. Qf5 Nge7
11. Qf4 h6 12. Bd3 g5 13. Qg3 d5 14. Nd4 dxe4 15. Bxe4 Nxd4 16. Bxd4 Qxd4 17. Qe3 Qxb2 18. Qc3 Qc1+ 19. Ke2 Qxh1 20. Nd2 Qxh2
21. Qxf6 Rg8 22. a4 Bg7 23. Qf3 Bxa1 24. Nf1 Qf4 25. g3 Qxf3+ 26. Kxf3 c6 27. Nh2 Bd5 28. Ng4 Bxe4+ 29. Kxe4 Rh8 30. f4 gxf4
31. Kxf4 b5 32. axb5 cxb5 33. Nf6+ Bxf6 34. g4 Rc8 35. Kg3 Rxc2 36. Kf4 b4 37. Kg3 b3 38. Kf4 Rc5 39. Ke3 b2 40. Kd3 b1=Q+
41. Ke3 Qb4 42. g5 Bxg5+ 43. Kf3 Rc3+
0-1

[Event "Open Tournament For Novices #3"]
[Site "SchemingMind.com"]
[Date "2007.02.11"]
[Round "-"]
[White "mart_r3000"]
[Black "iain"]
[Result "0-1"]
[WhiteCountry "ENG"]
[BlackCountry "USA"]
[WhiteElo "1354"]
[WhiteRD "54"]
[BlackElo "1379"]
[BlackRD "63"]
[GameID "91721"]

1. e4 c5 2. Nf3 Nc6 3. Bc4 e6 4. e5 d5 5. Be2 Nge7 6. O-O Ng6 7. c3 Ncxe5 8. d4 Nxf3+ 9. Bxf3 b6 10. Be3 Be7
11. b4 cxd4 12. cxd4 O-O 13. Bh5 e5 14. Bxg6 exd4 15. Bxd4 fxg6 16. a3 Bf6 17. Nc3 Bb7 18. Qd3 a6 19. a4 a5 20. b5 Qd7
21. Rad1 Bxd4 22. Qxd4 Rf6 23. Ne4 Rf4 24. Rfe1 Qc7 25. g3 Rxe4 26. Rxe4 dxe4 27. h4 Re8 28. Kf1 h6 29. Re1 Rf8 30. Kg1 Qc8
31. Qd2 Qc4 32. Kh2 Qxa4 33. Qd7 Ba8 34. Qe6+ Kh7 35. Rg1 Rxf2+ 36. Kh3 Qxb5 37. g4 Rf3+ 38. Rg3 Qf1+ 39. Kh2 Rf2+
0-1

[Event "Open Tournament For Novices #3"]
[Site "SchemingMind.com"]
[Date "2007.02.11"]
[Round "-"]
[White "mart_r3000"]
[Black "Hexsaw"]
[Result "1-0"]
[WhiteCountry "ENG"]
[BlackCountry "ENG"]
[WhiteElo "1361"]
[WhiteRD "56"]
[BlackElo "1231"]
[BlackRD "93"]
[GameID "91722"]

1. e4 e6 2. e5 d5 3. exd6 Bxd6 4. Nf3 Ne7 5. Ng5 Nbc6 6. Qf3 Nf5 7. g4 f6 8. Ne4 e5 9. gxf5 Nd4 10. Qh5+ g6
11. fxg6 Nxc2+ 12. Kd1 Nxa1 13. g7+ Ke7 14. Bc4 Bb4 15. Qf7#
1-0

[Event "Open Tournament For Novices #3"]
[Site "SchemingMind.com"]
[Date "2007.02.13"]
[Round "-"]
[White "mart_r3000"]
[Black "Tahur"]
[Result "1-0"]
[WhiteCountry "ENG"]
[BlackCountry "ARG"]
[WhiteElo "1361"]
[WhiteRD "56"]
[BlackElo "1444"]
[BlackRD "62"]
[GameID "91723"]

1. e4 e5 2. Nf3 Nc6 3. Bc4 h6 4. O-O Bc5 5. Nc3 d6 6. h3 Nf6 7. g4 a6 8. g5 hxg5 9. Nxg5 O-O 10. d3 b5
11. Bd5 Nxd5 12. Qh5 Re8 13. Nxd5 Qd7 14. Qh7+ Kf8 15. Qh8#
1-0

[Event "Open Tournament For Novices #3"]
[Site "SchemingMind.com"]
[Date "2007.02.11"]
[Round "-"]
[White "mart_r3000"]
[Black "Bacon"]
[Result "0-1"]
[WhiteCountry "ENG"]
[BlackCountry "BER"]
[WhiteElo "1361"]
[WhiteRD "56"]
[BlackElo "1199"]
[BlackRD "124"]
[GameID "91724"]

1. e4 d5 2. exd5 Qxd5 3. Nc3 Qe5+ 4. Be2 Nf6 5. Nf3 Qc5 6. O-O Nc6 7. d4 Qf5 8. Bd3 Qg4 9. Be3 e5 10. d5 Nb4
11. Nb5 Nfxd5 12. Bc4 Be6 13. a3 Qxc4 14. a4 Nxc2 15. Rc1 Ncxe3 16. Qd2 Nxf1 17. Rxf1 Qxa4 18. Nxc7+ Kd8 19. Nxa8 Kc8 20. Qg5 f6
21. Qh4 Qxh4 22. Nxh4 Kb8 23. Rd1 Kxa8 24. b4 Bxb4 25. Nf3 Nf4 26. Kf1 Bc4+ 27. Kg1 Ne2+ 28. Kh1 e4 29. Nh4 g5 30. Nf5 a5
31. h3 h5 32. Ne3 Rc8 33. Nf5 a4 34. Ng7 a3 35. Nxh5 a2 36. Nxf6 Bc3 37. Nxe4 a1=Q 38. Nxc3 Qxd1+ 39. Nxd1 Rd8 40. Ne3 Ba6
41. Kh2 b5 42. Nc2 Rd2 43. Nb4 Ka7 44. Nc6+ Kb6 45. Ne5 b4 46. Nf3 Rd1 47. Nxg5 b3 48. g4 b2 49. Kg2 b1=Q 50. Kf3 Ng1+
51. Kg3 Qb2 52. f4 Qc3+ 53. Kh4 Bf1 54. Kh5 Nxh3 55. Kh6 Nxf4 56. Ne4 Qc6+ 57. Kg5 Qc7 58. Kf5 Rd5+ 59. Kf6 Qe5+
0-1

[Event "Open Tournament For Novices #3"]
[Site "SchemingMind.com"]
[Date "2007.02.11"]
[Round "-"]
[White "iain"]
[Black "mart_r3000"]
[Result "1-0"]
[WhiteCountry "USA"]
[BlackCountry "ENG"]
[WhiteElo "1395"]
[WhiteRD "63"]
[BlackElo "1361"]
[BlackRD "56"]
[GameID "91725"]

1. d4 d5 2. c4 c6 3. Nc3 Nf6 4. Nf3 e6 5. e3 dxc4 6. Bxc4 b5 7. Bb3 Bd6 8. O-O Bb7 9. h3 O-O 10. e4 Bc7
11. e5 Nh5 12. Ng5 Bb6 13. Bxe6 Ng3 14. fxg3 fxe6 15. Rxf8+ Qxf8 16. Nxe6 Qf7 17. Nc5 Bc8 18. N3e4 Qd5 19. Be3 Bf5 20. Qf3 Nd7
21. Qxf5 Rf8 22. Qe6+ Qxe6 23. Nxe6 Re8 24. N4c5 Nxc5 25. Nxc5 Bc7 26. Rf1 h6 27. b4 Kh7 28. Rf7 Kg6 29. Rxc7 h5 30. Rxa7 Rg8
31. h4
1-0

[Event "Open Tournament For Novices #3"]
[Site "SchemingMind.com"]
[Date "2007.02.11"]
[Round "-"]
[White "Hexsaw"]
[Black "mart_r3000"]
[Result "0-1"]
[WhiteCountry "ENG"]
[BlackCountry "ENG"]
[WhiteElo "1231"]
[WhiteRD "93"]
[BlackElo "1361"]
[BlackRD "56"]
[GameID "91726"]

1. e4 e5 2. Nf3 Nc6 3. Nc3 Bc5 4. Nd5 Nge7 5. b4 Nxb4 6. Nxb4 Bxb4 7. Nxe5 O-O 8. Qg4 d6 9. Qh4 dxe5 10. c3 Bc5
11. Bc4 h6 12. O-O Kh7 13. Rd1 g5 14. Qh5 Ng6 15. d3 Qf6 16. d4 exd4 17. Rb1 dxc3 18. Rb5 Bxf2+ 19. Kf1 c2 20. Rd2 Be3+
21. Ke2 Nf4+ 22. Kxe3 Nxh5 23. Rxc2 Qf4+ 24. Kd4 Rd8+ 25. Rd5 Qf6+ 26. Ke3 Qf4+ 27. Kd4 c5+ 28. Kxc5 Qxe4 29. Rcd2 b6+ 30. Kc6 Qxc4+
31. Rc5 Qxc5#
0-1

[Event "Open Tournament For Novices #3"]
[Site "SchemingMind.com"]
[Date "2007.02.13"]
[Round "-"]
[White "Tahur"]
[Black "mart_r3000"]
[Result "0-1"]
[WhiteCountry "ARG"]
[BlackCountry "ENG"]
[WhiteElo "1391"]
[WhiteRD "64"]
[BlackElo "1354"]
[BlackRD "54"]
[GameID "91727"]

1. e4 e5 2. Nf3 Nc6 3. Nc3 Bc5 4. Bc4 Nf6 5. h3 O-O 6. d3 Nb4 7. a3 c6 8. axb4 Bxb4 9. Bd2 Re8 10. O-O d5
11. exd5 cxd5 12. Bb5 Re7 13. Re1 Bd6 14. Bg5 h6 15. Bxf6 gxf6 16. Nxd5 Re6 17. Bc4 f5 18. Ne3 Re8 19. Qd2 f4 20. Nd5 Bf5
21. g4 Bg6 22. b3 f6 23. d4 e4 24. Nh4 f5 25. Nxg6 Qg5 26. Ngxf4 fxg4 27. Nc7+ Kh7 28. Nxe8 gxh3+ 29. Kf1 Rxe8 30. Red1 Bxf4
31. Qb4 Qg2+ 32. Ke2 Qf3+ 33. Kf1 e3 34. Qe1 h2 35. Bd3+ Kh8 36. Qe2 h1=Q#
0-1

[Event "Open Tournament For Novices #3"]
[Site "SchemingMind.com"]
[Date "2007.02.11"]
[Round "-"]
[White "Bacon"]
[Black "mart_r3000"]
[Result "0-1"]
[WhiteCountry "BER"]
[BlackCountry "ENG"]
[WhiteElo "1199"]
[WhiteRD "124"]
[BlackElo "1361"]
[BlackRD "56"]
[GameID "91728"]

1. e4 e5 2. d4 exd4 3. Qxd4 Nc6 4. Qc4 Ne5 5. Qd4 d6 6. Bf4 c5 7. Qd5 Nf6 8. Qb3 Nxe4 9. Bb5+ Nd7 10. Nd2 Qe7
11. f3 Ng3+ 12. Ne2 Nxh1 13. Kf1 Qh4 14. Bg3 Nxg3+ 15. Nxg3 Qxh2 16. Kf2 Qh6 17. Nf5 Qxd2+ 18. Kg3 Qg5+ 19. Kf2 Qxf5 20. g4 Qf6
21. Re1+ Be7 22. Re4 O-O 23. f4 Ne5 24. g5 Qf5 25. Qd5 Ng4+ 26. Kf3 Qxd5
0-1

[Event "Open Tournament For Novices #3"]
[Site "SchemingMind.com"]
[Date "2007.02.13"]
[Round "-"]
[White "jhobeck"]
[Black "iain"]
[Result "0-1"]
[WhiteCountry "USA"]
[BlackCountry "USA"]
[WhiteElo "1305"]
[WhiteRD "71"]
[BlackElo "1380"]
[BlackRD "62"]
[GameID "91930"]

1. e4 c5 2. c3 Nc6 3. d4 cxd4 4. cxd4 e6 5. Nc3 Bb4 6. Nf3 Nge7 7. a3 Bxc3+ 8. bxc3 O-O 9. Bd3 d5 10. e5 Nf5
11. Ng5 h6 12. Nh3 a6 13. O-O b5 14. Nf4 Bb7 15. Qh5 g6 16. Nxg6 fxg6 17. Qxg6+ Kh8 18. Bxh6 Rg8 19. Qh5 Qh4 20. Qxh4 Nxh4
21. g3 Nf3+ 22. Kg2 Nh4+ 23. Kh3 Nf5 24. Bxf5 exf5 25. Rfe1 Rg6 26. Bf4 Bc8 27. f3 Be6 28. g4 fxg4+ 29. fxg4 Rxg4 30. Bg3 Rxd4+
31. Kg2 Rd2+ 32. Kf3 Rd3+ 33. Kf4 Rxc3 34. h4 Rf8+ 35. Kg5 Rxg3+ 36. Kh6 Nd4 37. Rac1 Nf5+ 38. Kh5 Bf7#
0-1

[Event "Open Tournament For Novices #3"]
[Site "SchemingMind.com"]
[Date "2007.02.12"]
[Round "-"]
[White "jhobeck"]
[Black "Hexsaw"]
[Result "1-0"]
[WhiteCountry "USA"]
[BlackCountry "ENG"]
[WhiteElo "1314"]
[WhiteRD "74"]
[BlackElo "1228"]
[BlackRD "84"]
[GameID "91931"]

1. e4 c5 2. c3 Nf6 3. e5 Nd5 4. d4 e6 5. Bc4 Nc6 6. Nf3 Be7 7. O-O O-O 8. Qc2 d6 9. Qe4 Qa5 10. Bd3 b6
11. Qxh7#
1-0

[Event "Open Tournament For Novices #3"]
[Site "SchemingMind.com"]
[Date "2007.02.12"]
[Round "-"]
[White "jhobeck"]
[Black "mart_r3000"]
[Result "1-0"]
[WhiteCountry "USA"]
[BlackCountry "ENG"]
[WhiteElo "1270"]
[WhiteRD "78"]
[BlackElo "1361"]
[BlackRD "56"]
[GameID "91932"]

1. d4 Nf6 2. c4 d5 3. Nf3 Nc6 4. Nc3 dxc4 5. e4 e6 6. a3 Be7 7. Bxc4 O-O 8. Ng5 Nxd4 9. e5 Nd7 10. Qd3 g6
11. Nce4 Nxe5 12. Qh3 Nxc4 13. Qxh7#
1-0

[Event "Open Tournament For Novices #3"]
[Site "SchemingMind.com"]
[Date "2007.02.13"]
[Round "-"]
[White "jhobeck"]
[Black "Tahur"]
[Result "1-0"]
[WhiteCountry "USA"]
[BlackCountry "ARG"]
[WhiteElo "1314"]
[WhiteRD "74"]
[BlackElo "1391"]
[BlackRD "64"]
[GameID "91933"]

1. e4 e5 2. Bc4 Nf6 3. d3 Bc5 4. Nc3 d6 5. Nf3 h6 6. O-O Nc6 7. Be3 Bxe3 8. fxe3 a6 9. Nh4 b5 10. Bb3 Bg4
11. Qd2 g5 12. Nf5 Ne7 13. Ng7+ Kf8 14. Nf5 Nxf5 15. exf5 Bxf5 16. Rxf5 c5 17. Raf1 Kg7 18. Rxf6 Qxf6 19. Rxf6 Kxf6 20. Qf2+ Ke7
21. Nd5+ Kf8 22. Nc7 Ra7 23. Qxf7#
1-0

[Event "Open Tournament For Novices #3"]
[Site "SchemingMind.com"]
[Date "2007.02.12"]
[Round "-"]
[White "jhobeck"]
[Black "Bacon"]
[Result "0-1"]
[WhiteCountry "USA"]
[BlackCountry "BER"]
[WhiteElo "1305"]
[WhiteRD "71"]
[BlackElo "1080"]
[BlackRD "90"]
[GameID "91934"]

1. d4 d5 2. c4 dxc4 3. Nf3 Nc6 4. Nc3 Bf5 5. e4 Bg4 6. Bxc4 Be6 7. d5 Bg4 8. O-O Qd6 9. g3 O-O-O 10. Qa4 Bxf3
11. Nb5 Qb4 12. Nxa7+ Nxa7 13. Qxa7 Qxc4 14. Bf4 Bxe4 15. Qa8+ Kd7 16. Qa5 Bd3 17. Rac1 b6 18. Qa7 Bxf1 19. Bxc7 Qxc1 20. Bxb6+ Ke8
21. Qc7 Qxc7 22. Bxc7 Rxd5 23. a3 Rd1 24. h4 Nf6 25. b4 Ng4
0-1

[Event "Open Tournament For Novices #3"]
[Site "SchemingMind.com"]
[Date "2007.02.13"]
[Round "-"]
[White "iain"]
[Black "jhobeck"]
[Result "0-1"]
[WhiteCountry "USA"]
[BlackCountry "USA"]
[WhiteElo "1380"]
[WhiteRD "62"]
[BlackElo "1305"]
[BlackRD "71"]
[GameID "91935"]

1. e4 d5 2. e5 c5 3. d4 e6 4. Nf3 Nc6 5. c3 Bd7 6. Bd3 cxd4 7. cxd4 Qb6 8. Be3 Qb4+ 9. Qd2 Na5 10. O-O Nc4
11. Qxb4 Bxb4 12. a3 Ba5 13. b3 Nxe3 14. fxe3 Ne7 15. b4 Bb6 16. Nc3 Nf5 17. Bb5 Nxe3 18. Rfc1 Ng4 19. Bxd7+ Kxd7 20. Na4 f6
21. Nxb6+ axb6 22. a4 fxe5 23. Nxe5+ Nxe5 24. dxe5 b5 25. a5 Rhf8 26. Rc2 b6 27. a6 Rf5 28. Re2 d4 29. Re4 Kc6 30. Rxd4 Kc7
31. Re4 h5 32. h4 g5= 33. hxg5 Rxg5 34. Kh2 h4 35. Kh3 Rg3+ 36. Kxh4 Rxg2 37. Rd4 Rh8#
0-1

[Event "Open Tournament For Novices #3"]
[Site "SchemingMind.com"]
[Date "2007.02.13"]
[Round "-"]
[White "Hexsaw"]
[Black "jhobeck"]
[Result "1-0"]
[WhiteCountry "ENG"]
[BlackCountry "USA"]
[WhiteElo "1234"]
[WhiteRD "81"]
[BlackElo "1305"]
[BlackRD "71"]
[GameID "91936"]

1. d4 d5 2. Nf3 c5 3. e3 e6 4. Nc3 Nf6 5. Ne5 g6 6. Bb5+ Nbd7 7. dxc5 Bxc5 8. O-O Bd6 9. e4 Nh5 10. exd5 Bxe5
11. Re1 Bd6 12. Qf3 Qh4 13. Qh3 Qf4 14. Bxf4 Nxf4 15. Qf3 Nxd5 16. Rad1 a6 17. Rxd5 axb5 18. Rxd6 O-O 19. a3 Ra7 20. Nxb5 Ra5
21. Nc7 Rc5 22. c3 Rxc7 23. Red1 Ne5 24. Qf6 h5 25. f3 Bd7 26. Re1 Rc5 27. Rxe5 Rxe5 28. Qxe5 f6 29. Qc5 f5 30. Rxd7 g5
31. Qe7
1-0

[Event "Open Tournament For Novices #3"]
[Site "SchemingMind.com"]
[Date "2007.02.13"]
[Round "-"]
[White "mart_r3000"]
[Black "jhobeck"]
[Result "1-0"]
[WhiteCountry "ENG"]
[BlackCountry "USA"]
[WhiteElo "1354"]
[WhiteRD "54"]
[BlackElo "1314"]
[BlackRD "74"]
[GameID "91937"]

1. e4 Nf6 2. Nc3 e5 3. Nf3 Nc6 4. Bc4 Nxe4 5. Nxe4 d5 6. Bb5 dxe4 7. O-O a6 8. Bxc6+ bxc6 9. Nxe5 Qg5 10. d4 Qg6
11. Nxg6 hxg6 12. Re1 Bd6 13. Rxe4+ Be7 14. Qe2 Be6 15. Bf4 g5 16. Re1 O-O 17. Qh5 g6 18. Qh6 Rfe8 19. Be5 f6 20. Bxf6 Bxf6
21. Qxg6+ Kf8 22. Qxf6+ Kg8 23. Qxg5+ Kf7 24. Rf4+
1-0

[Event "Open Tournament For Novices #3"]
[Site "SchemingMind.com"]
[Date "2007.02.13"]
[Round "-"]
[White "Tahur"]
[Black "jhobeck"]
[Result "1-0"]
[WhiteCountry "ARG"]
[BlackCountry "USA"]
[WhiteElo "1465"]
[WhiteRD "60"]
[BlackElo "1305"]
[BlackRD "71"]
[GameID "91938"]

1. e4 d5 2. exd5 Qxd5 3. Nc3 Qa5 4. a3 c6 5. Bc4 Nf6 6. Nf3 Bg4 7. h3 Bf5 8. d3 e6 9. Bg5 Bc5 10. b4 Qb6
11. bxc5 Qb2 12. Na4 Qb4+ 13. axb4 O-O 14. Bxf6 gxf6 15. Nd4 Nd7 16. Nxf5 exf5 17. Qf3 Ne5 18. Qxf5 Ng6 19. Qxf6 Rfe8+ 20. Kd2 Rf8
21. Nc3 Rae8 22. Rxa7 Re7 23. h4 Rfe8 24. Ne4 Ne5 25. Nd6 Nxc4+ 26. Nxc4 Re2+ 27. Kc3 R8e6 28. Qg5+ Rg6 29. Qd8+ Kg7 30. Qd4+ Kh6
31. Qf4+ Kg7 32. Qf3 Re8 33. Rxb7
1-0